La bataille de Dénain (Record no. 170267)

MARC details
000 -LEADER
campo de control de longitud fija 00954nam a2200229 i 4500
001 - NÚMERO DE CONTROL
campo de control 170267
003 - IDENTIFICADOR DE NÚMERO DE CONTROL
campo de control ES-MaACL
005 - FECHA Y HORA DE LA ÚLTIMA TRANSACCIÓN
campo de control 20250618143403.0
008 - DATOS DE LONGITUD FIJA--INFORMACIÓN GENERAL
campo de control de longitud fija 090218s1816 fr |||| | fre d
080 ## - NÚMERO DE LA CLASIFICACIÓN DECIMAL UNIVERSAL
Número de la Clasificación Decimal Universal 78.089.1
100 1# - ENTRADA PRINCIPAL--NOMBRE DE PERSONA
Nombre de persona Théaulon, Emmanuel.
9 (RLIN) 139009
245 13 - MENCIÓN DEL TÍTULO
Título La bataille de Dénain
Resto del título : opéra-comique en trois actes /
Mención de responsabilidad, etc. paroles de MM. Théaulon, Dartois et Fulgence [de Bury]... ; musique de M. Catrufo.
260 ## - PUBLICACIÓN, DISTRIBUCIÓN, ETC.
Lugar de publicación, distribución, etc. Paris :
Nombre del editor, distribuidor, etc. Barba,
Fecha de publicación, distribución, etc. 1816.
300 ## - DESCRIPCIÓN FÍSICA
Extensión 80 p. ;
Dimensiones 20 cm.
500 ## - NOTA GENERAL
Nota general "Représenté, pour la première fois, sur le Théâtre Royal de l'Opéra-Comique, le 24 août 1816, par les Comédiens ordinaires de Sa Majesté."
650 14 - PUNTO DE ACCESO ADICIONAL DE MATERIA--TÉRMINO DE MATERIA
Término de materia o nombre geográfico como elemento de entrada Operetas-
Subdivisión de forma Libretos.
9 (RLIN) 139352
700 1# - ENTRADA AGREGADA--NOMBRE PERSONAL
Nombre de persona Artois, Armand d',
Fechas asociadas al nombre 1788-1867
9 (RLIN) 23493
700 1# - ENTRADA AGREGADA--NOMBRE PERSONAL
Nombre de persona Bury, Fulgence de (
Fechas asociadas al nombre 17..-1845)
9 (RLIN) 149855
700 1# - ENTRADA AGREGADA--NOMBRE PERSONAL
Nombre de persona Catrufo, Gioseffo.
9 (RLIN) 139471
852 ## - LOCALIZACIÓN
Ubicación ES-MaACL
Número de control de estantería 2248-F-5
Nota libre .- Biblioteca Jacinto Martínez Lacalle
Holdings
Estatus retirado Estado de pérdida Estado de daño No para préstamo Colección Biblioteca de origen Biblioteca actual Ubicación en estantería Fecha de adquisición Fuente de adquisición Total de préstamos Signatura topográfica completa Código de barras Visto por última vez Precio de reemplazo Tipo de ítem Koha
        Colección de folletos Biblioteca del Ateneo de Madrid Biblioteca del Ateneo de Madrid Depósito folletos 18/02/2009     2248-F-5 1178753 23/02/2023 23/02/2023 Folleto